000 00785nam a2200265Ia 4500
003 OSt
005 20220926032303.0
006 a|||||r|||| 00| 0
007 ta
008 220923b |||||||| |||| 00| 0 eng d
020 _a9781409452690
_c2843.21
037 _bABPL/AD/14-15/66, 19/02/2015, Ane Books Pvt Ltd
_cGeneral Book
040 _aRTL
_cRTL
_beng
041 _2eng
_aeng
082 _aX:86, K8;Q3
100 _aLOCK Dennis
245 0 _aProject management
250 _a10th
260 _aSurrey
_bGower Publishing
_c2013
300 _axxii, 550p
_ccm.
500 _aBibliography: p 158-168
650 _aCommerce
942 _hX:86, K8;Q3
_cGB
_2CC
999 _c654348
_d654348